| 000 | 00673ntaaa2200205 4500 | ||
|---|---|---|---|
| 003 | 01 | ||
| 005 | 20251027201511.0 | ||
| 008 | 0714s1973 ag 01 | ||
| 040 |
_aAR-BaBN _bspa _cAR-BaBN _eaacr _dRIC |
||
| 082 | _a227.2000 V23 | ||
| 100 |
_ade Valdés, Juan _913152 |
||
| 245 | _aComentario o declaración...sobre la primera epístola de San Pablo a los Corintios. | ||
| 250 |
_a1 ed. : _bJuan Valdesio, _cn.f. |
||
| 300 | _a253 p. | ||
| 500 | _ala portada es reproducción de la edición hecha en Venecia en casa de Juan Philadelpho en 1571 | ||
| 650 | _aBiblia-Nuevo Testamento-Corintios | ||
| 650 |
_a1 Corintios _98433 |
||
| 650 |
_aJuan Valdesio _913581 |
||
| 942 | _cBK | ||
| 999 |
_c9597 _d9597 |
||